LEADER 00987nam a2200241 a 4500 001 991003970219707536 008 020 $a8842076481 035 $ab14417108-39ule_inst 040 $aDip.to di Storia, Società e Studi sull'Uomo$bita 082 0 $a274.05 100 1 $aNiccoli, Ottavia$0140462 245 10$aRinascimento anticlericale :$binfamia, propaganda e satira in Italia tra Quattro e Cinquecento /$cOttavia Niccoli 260 $aRoma [etc.] :$bGLF editori Laterza,$c2005 300 $aIX, 218 p., [8] c. di tav. :$bill. ;\c21 cm 490 0 $aStoria e società 650 4$aAnticlericalismo$xItalia$xSec. 15.-16. 907 $a.b14417108$b25-02-22$c31-08-21 912 $a991003970219707536 945 $aLE023 Fondo Brambilla 359$g1$i2023000203835$lle023$o-$pE16.00$q-$rn$so $t0$u0$v0$w0$x0$y.i15973098$z31-08-21 996 $aRinascimento anticlericale$91059332 997 $aUNISALENTO 998 $ale023$b31-08-21$cm$da $e-$fita$git $h0$i0